| 000 | 01229aas a2200229 4500 | ||
|---|---|---|---|
| 999 |
_c53701 _d53701 |
||
| 001 | 768714001 | ||
| 003 | CO-MdFUSB | ||
| 005 | 20171107115643.0 | ||
| 008 | 170727s1996 xxu||||| |||| 00| 0 eng d | ||
| 022 | _a0098-9444 | ||
| 040 |
_aCO-MdFUSB _bspa _cCO-MdFUSB _dCO-MdFUSB |
||
| 041 | _aspa | ||
| 100 | 1 |
_aDewsnap, Molly _eautor |
|
| 242 | 1 | 4 |
_aLos gemelos y el erudito : _bcómo dos Hermanas victorianas y un Rabino descubrieron el texto hebreo de Ben Sira |
| 245 | 1 | 4 |
_aThe twins and the scholar : _bhow two Victorian Sisters and Rabbi discovered the hebrew text of Ben Sira _c/ Molly Dewsnap |
| 300 |
_aVolumen 22. Número 5 (1996), páginas 54-62 _c: 28 cm. |
||
| 520 | 1 | _aelogiemos ahora a las mujeres famosas: cuando hermanas gemelas en busca de manuscritos bíblicos hace 100 años, tuvieron éxito mucho más de lo que podrían haber esperado, no solo encontrando el texto hebreo original de la Sabiduría de Ben Sira, sino también siguiendo el rastro del mayor tesoro manuscrito judío jamás encontrado. | |
| 546 | _aTexto en inglés | ||
| 650 | 7 |
_9403 _aExcavaciones arqueológicas |
|
| 773 | 0 |
_tBiblical Archaeology Review _049395 _959493 _gVolumen 22. Número 5 (1996), páginas 54-62 _qPágina 54 |
|
| 942 | _cANA | ||